| 000 | 01575nam0a22003131 4500 | ||
|---|---|---|---|
| 001 | rc\3622515 | ||
| 005 | 20130115144315.3 | ||
| 021 |
_aRU _b[69-29900] |
||
| 035 | _a(NLR Aleph) 007821404 | ||
| 090 |
_a7744922 _c7744922 |
||
| 100 | _a20130115d1969 |||y0rusy50 ca | ||
| 101 | 0 | _arus | |
| 102 | _aRU | ||
| 105 | _aa a ||||| | ||
| 200 | 1 |
_aЗаслуженный деятель науки РСФСР и ЯАССР профессор А.Д. Егоров _e(К 70-летию со дня рождения) _e[Биобиблиография] _fЯкут. респ. б-ка им. А.С. Пушкина |
|
| 210 |
_aЯкутск _cЯкуткнигоиздат _d1969 |
||
| 215 |
_a31 с. _cил. _d20 |
||
| 300 | _aСост. указан на обороте тит. л. | ||
| 532 | 1 | 2 | _aЗаслуженный деятель науки Российской Советской Федеративной Социалистической Республики и ЯАССР профессор А.Д. Егоров |
| 606 |
_aБиохимия _jБиблиография _2psbo |
||
| 606 |
_aБиохимики _yЯкутская АССР _jБиобиблиография _2psbo |
||
| 700 | 1 |
_aМярикянов _bМ. И. _gМихаил Иванович _4220 |
|
| 702 | 1 |
_aЕгоров _bА. Д. _gАлексей Дмитриевич _4570 |
|
| 712 | 0 | 2 |
_aЯкутская республиканская библиотека им. А. С. Пушкина _3RU\NLR\AUTH\889085 |
| 801 | 0 |
_aRU _bNLR _gpsbo |
|
| 801 | 1 |
_aRU _bELAR _2rusmarc |
|
| 852 |
_aNLR _j641/Е-30 |
||
| 942 | _cBOOK | ||
| 980 | _aNB | ||